000 00331nam a22001457a 4500
008 210426b ||||| |||| 00| 0 eng d
020 _a0826102859
041 _aeng
080 _25th
_a591
082 _a591
100 _a7
101 _aZOO
245 _aVeterinary Handbook for Cattlemen
_cIrving S. Rossoff
942 _2udc
_cBK
999 _c56785
_d56785